[Event "Niedersachsen-ch Seniors op 11th"]
[Site "Bad Bevensen"]
[Date "2008.07.16"]
[Round "9"]
[White "Bernhart, Ernst"]
[Black "Rudolph, Rainer"]
[Result "1-0"]
[WhiteElo "1572"]
[BlackElo "1390"]
[PlyCount "77"]
[EventDate "2008.07.08"]
[EventType "swiss"]
[EventRounds "9"]
[EventCountry "GER"]
[SourceTitle "EXT 2022"]
[Source "ChessBase"]
[SourceDate "2021.10.06"]
[SourceVersion "1"]
[SourceVersionDate "2021.10.06"]
[SourceQuality "1"]

1. d4 d5 2. Nf3 Nf6 3. Bg5 e6 4. e3 Be7 5. Be2 Ne4 6. Bf4 Bd6 7. Bg3 b6 8. Nbd2 Bxg3 9. hxg3 Ba6 10. Rc1 Bxe2 11. Qxe2 f6 12. Nxe4 dxe4 13. Nd2 f5 14. c4 g6 15. c5 Nd7 16. c6 Nf6 17. Nc4 Ke7 18. Qd2 Nd5 19. a3 a5 20. Ke2 h5 21. Ne5 Kf6 22. f3 exf3+ 23. gxf3 Kg7 24. Rcf1 Qd6 25. Rh4 Ne7 26. Rc1 Rh7 27. f4 Qd5 28. Rh2 Rah8 29. Qc3 Qe4 30. Nf3 Qd5 31. Ng5 Rh6 32. Qc4 Qxc4+ 33. Rxc4 Kf6 34. Rh4 Rd8 35. e4 fxe4 36. Nxe4+ Kf5 37. Kd3 Nd5 38. g4+ Kxf4 39. g5+ 1-0

[Event "Niedersachsen-ch Seniors op 11th"]
[Site "Bad Bevensen"]
[Date "2008.07.15"]
[Round "8"]
[White "Rudolph, Rainer"]
[Black "Brueggemann, Hans"]
[Result "0-1"]
[WhiteElo "1390"]
[BlackElo "1754"]
[PlyCount "120"]
[EventDate "2008.07.08"]
[EventType "swiss"]
[EventRounds "9"]
[EventCountry "GER"]
[SourceTitle "EXT 2022"]
[Source "ChessBase"]
[SourceDate "2021.10.06"]
[SourceVersion "1"]
[SourceVersionDate "2021.10.06"]
[SourceQuality "1"]

1. e4 e5 2. Nf3 Nc6 3. Bc4 Be7 4. d4 exd4 5. Nxd4 Ne5 6. Bb3 c5 7. Nf3 Bf6 8. Nxe5 Bxe5 9. Qd5 Qf6 10. c3 Ne7 11. Qxc5 0-0 12. 0-0 b6 13. Qe3 Ba6 14. Rd1 Bd6 15. Nd2 Rac8 16. Nf3 Bc5 17. Qg5 Qxg5 18. Bxg5 Rc7 19. Rd2 h6 20. Bxe7 Bxe7 21. Rad1 Bb5 22. Nd4 Bc4 23. Bxc4 Rxc4 24. Nf5 Rxe4 25. Rxd7 Bf6 26. Ng3 Ra4 27. a3 Re8 28. Kf1 b5 29. Rb7 a6 30. Rdd7 Kh8 31. Nh5 Rae4 32. Rd1 Be7 33. Ng3 Re6 34. Re1 Rxe1+ 35. Kxe1 Bxa3+ 36. Kd2 Be7 37. Kc2 Kg8 38. Nf5 Bc5 39. Kd3 Bxf2 40. Re7 Rd8+ 41. Ke2 Bg1 42. h3 Kf8 43. Re4 Bh2 44. Nd4 Rd6 45. Nb3 g5 46. Nd4 Bf4 47. Kd3 f5 48. Re1 Kf7 49. Kc2 Kf6 50. Re2 Bg3 51. Re3 Bf2 52. Rd3 f4 53. Nf3 Rxd3 54. Kxd3 Kf5 55. Ke2 Be3 56. Kd3 g4 57. hxg4+ Kxg4 58. Ne1 Kg3 59. Ke2 h5 60. Kf1 h4 0-1

[Event "Bayern-ch Seniors 20th"]
[Site "Bergen"]
[Date "2008.06.12"]
[Round "6.44"]
[White "Rudolph, Rainer"]
[Black "Sandner, Josef"]
[Result "0-1"]
[WhiteElo "1343"]
[BlackElo "1434"]
[PlyCount "44"]
[EventDate "2008.06.07"]
[EventType "swiss"]
[EventRounds "9"]
[EventCountry "GER"]
[SourceTitle "EXT 2022"]
[Source "ChessBase"]
[SourceDate "2021.10.06"]
[SourceVersion "1"]
[SourceVersionDate "2021.10.06"]
[SourceQuality "1"]

1. e4 c5 2. Nf3 d6 3. Bb5+ Bd7 4. Nc3 Nf6 5. Qe2 e6 6. e5 dxe5 7. Nxe5 a6 8. Nxd7 Nbxd7 9. Bxd7+ Qxd7 10. 0-0 Bd6 11. Ne4 Nxe4 12. Qxe4 0-0 13. d3 f5 14. Qf3 Rae8 15. b3 Rf6 16. Bd2 Rg6 17. g3 Qc7 18. Rfe1 f4 19. Kg2 fxg3 20. hxg3 Rf8 21. Qe3 Bf4 22. Qe2 Bxg3 0-1

[Event "Hessen-ch Seniors op 04th"]
[Site "Bad Sooden-Allendorf"]
[Date "2008.04.30"]
[Round "7"]
[White "Braeu, Emmi"]
[Black "Rudolph, Rainer"]
[Result "1-0"]
[WhiteElo "1462"]
[BlackElo "1350"]
[PlyCount "71"]
[EventDate "2008.04.24"]
[EventType "swiss"]
[EventRounds "9"]
[EventCountry "GER"]
[SourceTitle "EXT 2022"]
[Source "ChessBase"]
[SourceDate "2021.10.06"]
[SourceVersion "1"]
[SourceVersionDate "2021.10.06"]
[SourceQuality "1"]

1. Nf3 d5 2. c4 dxc4 3. Qa4+ Bd7 4. Qxc4 e6 5. g3 Bc6 6. Bg2 Nf6 7. Nc3 Bd6 8. e4 Nbd7 9. d4 Nxe4 10. Nxe4 Bxe4 11. 0-0 0-0 12. Bg5 Qc8 13. Qe2 Bd5 14. b3 a6 15. Rac1 b5 16. Rc2 Qb7 17. Nh4 Bxg2 18. Nxg2 Rac8 19. Bf4 Bxf4 20. Nxf4 Rcd8 21. Rfc1 Nf6 22. Qe5 Rd7 23. h3 Ne8 24. g4 Qb6 25. d5 Qd6 26. Qxd6 Rxd6 27. dxe6 fxe6 28. Nh5 Rf7 29. Rc6 Rfd7 30. Kg2 Rxc6 31. Rxc6 Rd6 32. Rxd6 cxd6 33. Nf4 a5 34. Nxe6 Kf7 35. Nd4 Kf6 36. Nxb5 1-0

[Event "Hessen-ch Seniors op 04th"]
[Site "Bad Sooden-Allendorf"]
[Date "2008.04.26"]
[Round "3"]
[White "Schneider, Hans1"]
[Black "Rudolph, Rainer"]
[Result "1/2-1/2"]
[WhiteElo "1541"]
[BlackElo "1350"]
[PlyCount "38"]
[EventDate "2008.04.24"]
[EventType "swiss"]
[EventRounds "9"]
[EventCountry "GER"]
[SourceTitle "EXT 2022"]
[Source "ChessBase"]
[SourceDate "2021.10.06"]
[SourceVersion "1"]
[SourceVersionDate "2021.10.06"]
[SourceQuality "1"]

1. Nf3 Nc6 2. g3 d5 3. d4 e6 4. Bg2 Nf6 5. 0-0 h6 6. Nbd2 Bd6 7. c4 dxc4 8. Nxc4 Rb8 9. Nxd6+ cxd6 10. Bd2 0-0 11. Qc2 Re8 12. e4 e5 13. dxe5 dxe5 14. Bc3 Qb6 15. Rad1 Bg4 16. Rd6 Bxf3 17. Bxf3 Rbd8 18. Rfd1 Qc7 19. Rxd8 Rxd8 1/2-1/2

[Event "Bayern-ch Seniors 19th"]
[Site "Schloss Schney"]
[Date "2007.06.19"]
[Round "8"]
[White "Ludwig, Egbert"]
[Black "Rudolph, Rainer"]
[Result "1/2-1/2"]
[WhiteElo "1219"]
[BlackElo "1466"]
[PlyCount "24"]
[EventDate "2007.06.12"]
[EventType "swiss"]
[EventRounds "9"]
[EventCountry "GER"]
[SourceTitle "EXT 2008"]
[Source "ChessBase"]
[SourceDate "2007.11.25"]
[SourceVersion "1"]
[SourceVersionDate "2007.11.25"]
[SourceQuality "1"]

1. d4 d5 2. Nf3 Nf6 3. c4 e6 4. g3 g6 5. Bg2 Bb4+ 6. Bd2 Bxd2+ 7. Nbxd2 Nbd7 8. Qc2 0-0 9. 0-0 c6 10. Rac1 Re8 11. e4 Nb6 12. b3 Nbd7 1/2-1/2

[Event "GER-ch Seniors Gp-B 18th"]
[Site "Dresden"]
[Date "2006.07.27"]
[Round "6"]
[White "Rudolph, Rainer"]
[Black "Smagulov, Aman"]
[Result "0-1"]
[WhiteElo "1379"]
[BlackElo "1592"]
[PlyCount "108"]
[EventDate "2006.07.22"]
[EventType "swiss"]
[EventRounds "9"]
[EventCountry "GER"]
[SourceTitle "EXT 2022"]
[Source "ChessBase"]
[SourceDate "2021.10.06"]
[SourceVersion "1"]
[SourceVersionDate "2021.10.06"]
[SourceQuality "1"]

1. e4 e6 2. d4 d5 3. Nc3 Bb4 4. exd5 exd5 5. Nge2 Nf6 6. a3 Be7 7. g3 Bf5 8. Bg2 c6 9. Bf4 Bd6 10. 0-0 0-0 11. Re1 Re8 12. Rc1 Na6 13. b4 Nc7 14. Bf3 Ne6 15. Bxd6 Qxd6 16. Na4 b6 17. c3 Re7 18. Nb2 Rae8 19. Nd3 Ng5 20. Bg2 h6 21. Ne5 Be4 22. Qd2 Bxg2 23. Kxg2 Nd7 24. Nxd7 Qxd7 25. Ng1 Ne4 26. Qc2 Re6 27. f3 Nd6 28. Kf2 Nc4 29. a4 Qe7 30. Rxe6 Qxe6 31. Qe2 Qxe2+ 32. Nxe2 Nb2 33. Ra1 Nd3+ 34. Kf1 Re3 35. Ng1 c5 36. bxc5 bxc5 37. dxc5 Nxc5 38. Rd1 Nxa4 39. Rxd5 Nxc3 40. Ra5 Re7 41. f4 Kf8 42. Kg2 Ke8 43. Nf3 Re2+ 44. Kh3 Ra2 45. Rc5 Ra3 46. Rc7 Nd5 47. Rc5 Nxf4+ 48. Kg4 Ne6 49. Re5 Ke7 50. Ne1 a5 51. Kh3 Ra2 52. Nd3 a4 53. Nb4 Rb2 54. Nd3 Rd2 0-1

[Event "GER-ch Seniors Gp-B 18th"]
[Site "Dresden"]
[Date "2006.07.26"]
[Round "5"]
[White "Scheuerlein, Gerhard"]
[Black "Rudolph, Rainer"]
[Result "1-0"]
[WhiteElo "1646"]
[BlackElo "1379"]
[PlyCount "83"]
[EventDate "2006.07.22"]
[EventType "swiss"]
[EventRounds "9"]
[EventCountry "GER"]
[SourceTitle "EXT 2022"]
[Source "ChessBase"]
[SourceDate "2021.10.06"]
[SourceVersion "1"]
[SourceVersionDate "2021.10.06"]
[SourceQuality "1"]

1. Nf3 d5 2. c4 dxc4 3. Na3 Nc6 4. Nxc4 Nf6 5. d4 e6 6. e3 Bb4+ 7. Bd2 Bxd2+ 8. Qxd2 b5 9. Na5 Nxa5 10. Qxa5 c6 11. Qxd8+ Kxd8 12. Ne5 Rf8 13. Nxc6+ Kc7 14. Rc1 Kb6 15. f3 Nd7 16. Be2 Bb7 17. Nb4 a5 18. Nd3 Rac8 19. Kf2 b4 20. Rxc8 Rxc8 21. Rc1 Rxc1 22. Nxc1 Ba6 23. b3 Nf6 24. Nd3 Nd5 25. Nc1 Nc3 26. Bc4 Nd1+ 27. Ke2 Nc3+ 28. Kd3 Bb5 29. e4 Nd1 30. Bxb5 Kxb5 31. Ne2 a4 32. bxa4+ Kxa4 33. d5 exd5 34. exd5 Kb5 35. Kd4 f6 36. h4 Nb2 37. h5 Nc4 38. Ng3 Nd6 39. Ne4 Nf5+ 40. Kd3 Kb6 41. g4 Ne7 42. Kc4 1-0

[Event "GER-ch Seniors Gp-B 18th"]
[Site "Dresden"]
[Date "2006.07.23"]
[Round "2"]
[White "Bernhart, Ernst"]
[Black "Rudolph, Rainer"]
[Result "0-1"]
[WhiteElo "1604"]
[BlackElo "1379"]
[PlyCount "148"]
[EventDate "2006.07.22"]
[EventType "swiss"]
[EventRounds "9"]
[EventCountry "GER"]
[SourceTitle "EXT 2022"]
[Source "ChessBase"]
[SourceDate "2021.10.06"]
[SourceVersion "1"]
[SourceVersionDate "2021.10.06"]
[SourceQuality "1"]

1. c4 e5 2. Nc3 Nf6 3. e3 d5 4. cxd5 Nxd5 5. Nf3 Nxc3 6. bxc3 Bd6 7. Be2 c5 8. d4 exd4 9. cxd4 cxd4 10. Nxd4 0-0 11. Bf3 Be5 12. 0-0 Qd7 13. Rb1 Na6 14. Bb2 Rb8 15. Qe2 Nc7 16. Rfd1 Qe7 17. g3 Rd8 18. Ba1 Bxd4 19. Bxd4 b6 20. Qb2 f6 21. Rbc1 Bb7 22. Bxb7 Rxb7 23. Rd2 Kh8 24. Rdc2 h6 25. Rc6 Rd7 26. Qc2 Ne6 27. Rc8+ Rd8 28. Qf5 Rbd7 29. Qe4 Kg8 30. Rxd8+ Nxd8 31. Qf3 Qa3 32. Rc2 Qa4 33. Qe2 Ne6 34. Rc8+ Rd8 35. Rxd8+ Nxd8 36. Qd2 Ne6 37. Ba1 Nc5 38. Qd5+ Kh7 39. Bd4 Qd7 40. Qf3 Ne6 41. Qf5+ Kg8 42. Qg4 Qf7 43. Bc3 Nc5 44. Bd4 Qe6 45. Qf3 Qe4 46. Qd1 Qd5 47. Qc2 Qe4 48. Qb2 Qe7 49. Qa3 Kf8 50. Qc1 Ne6 51. Bb2 Kf7 52. Qc4 Qc5 53. Qe2 Qd5 54. Bc3 b5 55. a3 Qc6 56. Bb4 Qc1+ 57. Kg2 Qc6+ 58. f3 Qb6 59. Qd3 Qc6 60. h4 a6 61. h5 Ng5 62. e4 Ne6 63. f4 Nc5 64. Bxc5 Qxc5 65. Qd7+ Qe7 66. Qd5+ Qe6 67. Qb7+ Kg8 68. Qa8+ Kh7 69. Qd5 Qe7 70. Qd3 Qc5 71. e5+ Kg8 72. exf6 Qc6+ 73. Kf2 Qxf6 74. Qb3+ Qf7 0-1